| 000 | 00921nac a22002777a 4500 | ||
|---|---|---|---|
| 001 | BR9001896 | ||
| 003 | BR-BrBNA | ||
| 005 | 20240105121113.0 | ||
| 008 | 230509b bl.|||m| |||| 00| 0 por d | ||
| 040 |
_aBR-BrBNA _bpor _cBiblioteca Nacional de Agricultura |
||
| 072 | _aF01 | ||
| 090 | _a1126 BR9001896 | ||
| 100 | 1 | _aJesus, V.S. de | |
| 110 | 1 |
_aEmpresa de Pesquisa Agropecuaria da Bahia S.A., Salvador (Brasil) _94094 |
|
| 245 | 1 | _aCultura do abacaxi a nivel de pequeno produtor da bacia do Paraguacu, Bahia | |
| 260 | 3 |
_aSalvador, BA (Brasil): _c1989. |
|
| 300 | _a11 p. | ||
| 490 |
_aCircular Tecnica - Empresa de Pesquisa Agropecuaria da Bahia S.A. (Brazil) _vno. 15 _xISSN 0102-0854 |
||
| 650 | _aABACAXI | ||
| 650 | _aEPOCA DE PLANTIO | ||
| 650 | _aCULTIVO DO SOLO | ||
| 650 | _aCULTIVO INTERCALADO | ||
| 650 | _aBAHIA | ||
| 909 |
_a202312 _bLúcia Elande _c55 _dLúcia Elande |
||
| 942 |
_2AGRIS _n0 _cMS |
||
| 999 |
_c283320 _d283320 |
||